Soccer Logos - Black & White - Statistics

General Stats
  • This quiz has been taken 499 times
    484 since last reset
  • The average score is 14 of 15
Answer Stats
Picture Answer % Correct
Barcelona
99%
AC Milan
96%
Paris Saint-Germain
96%
Brighton & Hove Albion
95%
Celtic
95%
Tottenham Hotspur
95%
Bayern Munich
94%
Everton
94%
Manchester United
94%
Wolverhampton Wanderers
94%
Napoli
93%
Atlético Madrid
91%
Eintracht Frankfurt
86%
Rangers
84%
Los Angeles FC
78%
No matching quizzes found
Score Distribution
Percent of People with Each Score
Percentile by Number Answered
Your Score History
You have not taken this quiz since the last reset